000 00643nam a2200205 a 4500
005 20140412111353.0
008 050425s19uu xx 00 eng d
020 _a0-02-660871-5
050 _aTR(GS 372.4
_bZ1 2000
100 _aZaga, Diane
245 _aSpice cake / :
_cby Diane Zaga ; illustrated by Deborah Colvin Borgo.
_bdecodable book /
260 _aColumbus, Ohio :
_bSRA/McGraw-Hill,
_c2000.
300 _a8 p. ; ill.
440 _aSRA Open Court Reading
500 _aLevel B, Set 1, Book 42
650 _aReading
_xPhonetics
_xJuvenile literature
650 _aBake
_xFiction
650 _aChildren stories
999 _c105362
_d105362